[Event "Muensterland Verbandsliga 0506"]
[Site "Germany"]
[Date "2006.03.11"]
[Round "8.4"]
[White "Kuhlenbaeumer, Willi"]
[Black "Stevermueer, Ruediger"]
[Result "0-1"]
[WhiteElo "2146"]
[BlackElo "2150"]
[PlyCount "106"]
[EventDate "2005.08.27"]
[EventType "team-tourn"]
[EventRounds "9"]
[EventCountry "GER"]
[SourceTitle "EXT 2006"]
[Source "ChessBase"]
[SourceDate "2005.11.24"]
[SourceVersion "1"]
[SourceVersionDate "2005.11.24"]
[SourceQuality "1"]
[WhiteTeam "Telgte"]
[BlackTeam "Westbevern"]
[WhiteTeamCountry "GER"]
[BlackTeamCountry "GER"]

1. e4 d6 2. d4 Nf6 3. Nc3 e5 4. f4 exd4 5. Qxd4 Nc6 6. Bb5 Bd7 7. Bxc6 Bxc6 8. Nf3 d5 9. e5 Ne4 10. Be3 Bc5 11. Qd3 Bxe3 12. Qxe3 Nxc3 13. Qxc3 d4 14. Qd3 Qd5 15. Qxd4 Qxd4 16. Nxd4 Bxg2 17. Rg1 Be4 18. 0-0-0 0-0 19. Rde1 Bg6 20. h4 a6 21. b4 Rfd8 22. c3 c5 23. bxc5 Rac8 24. f5 Rxc5 25. Kb2 Bh5 26. Rg5 g6 27. f6 h6 28. Rg3 b6 29. Rge3 Bg4 30. Rg1 h5 31. Rge1 Re8 32. Re4 Rc7 33. Kb3 Rc5 34. a4 Rec8 35. R1e3 Bd1+ 36. Kb2 Bxa4 37. e6 Be8 38. Nf3 Rb5+ 39. Kc2 fxe6 40. Rxe6 Bd7 41. Rd6 Bf5+ 42. Kd2 Rb1 43. Ng5 Bg4 44. Re1 Rb2+ 45. Kc1 Rf2 46. Rc6 Rd8 47. Rxb6 Rc8 48. Rc6 Rb8 49. Rxa6 Bf5 50. Rb6 Ra8 51. Ra6 Rc2+ 52. Kb1 Re2+ 53. Kc1 Rxe1+ 0-1

[Event "Muensterland Verbandsliga 0506"]
[Site "Germany"]
[Date "2005.12.03"]
[Round "5.4"]
[White "Reinhold, Klaus"]
[Black "Stevermueer, Ruediger"]
[Result "1/2-1/2"]
[WhiteElo "2139"]
[BlackElo "2150"]
[PlyCount "31"]
[EventDate "2005.08.27"]
[EventType "team-tourn"]
[EventRounds "9"]
[EventCountry "GER"]
[SourceTitle "EXT 2006"]
[Source "ChessBase"]
[SourceDate "2005.11.24"]
[SourceVersion "1"]
[SourceVersionDate "2005.11.24"]
[SourceQuality "1"]
[WhiteTeam "Gronau"]
[BlackTeam "Westbevern"]
[WhiteTeamCountry "GER"]
[BlackTeamCountry "GER"]

1. d4 d5 2. c4 Nf6 3. cxd5 c6 4. dxc6 Nxc6 5. Nf3 Bg4 6. e3 e5 7. Be2 Bb4+ 8. Bd2 Bxd2+ 9. Nfxd2 Bxe2 10. Qxe2 exd4 11. exd4+ Qe7 12. Nf3 Rd8 13. Qxe7+ Kxe7 14. 0-0 Nxd4 15. Re1+ Ne6 16. Nc3 1/2-1/2

[Event "Muensterland Verbandsliga 0506"]
[Site "Germany"]
[Date "2005.11.12"]
[Round "4.3"]
[White "Rublack, Ralf"]
[Black "Stevermueer, Ruediger"]
[Result "0-1"]
[WhiteElo "1987"]
[BlackElo "2150"]
[PlyCount "62"]
[EventDate "2005.08.27"]
[EventType "team-tourn"]
[EventRounds "9"]
[EventCountry "GER"]
[SourceTitle "EXT 2006"]
[Source "ChessBase"]
[SourceDate "2005.11.24"]
[SourceVersion "1"]
[SourceVersionDate "2005.11.24"]
[SourceQuality "1"]
[WhiteTeam "Suedlohn"]
[BlackTeam "Westbevern"]
[WhiteTeamCountry "GER"]
[BlackTeamCountry "GER"]

1. d4 d5 2. Nf3 e6 3. c3 Nd7 4. Bg5 Be7 5. Bxe7 Qxe7 6. Nbd2 Ngf6 7. e3 e5 8. dxe5 Nxe5 9. Nxe5 Qxe5 10. Nf3 Qd6 11. Be2 0-0 12. 0-0 Bf5 13. Rc1 Rfe8 14. Qb3 Be4 15. Rfd1 Ng4 16. h3 Ne5 17. Nxe5 Qxe5 18. Bd3 Bxd3 19. Rxd3 c6 20. Qxb7 Qf6 21. Qa6 Re5 22. Rd2 Rg5 23. Qd3 Qf3 24. Qf1 Qxh3 25. g3 Qe6 26. Rd4 Re8 27. Rcd1 Qg6 28. c4 Qd6 29. cxd5 Rxe3 30. dxc6 Rexg3+ 31. fxg3 Qxg3+ 0-1

[Event "NRW Class1 0405"]
[Site "Germany"]
[Date "2005.04.03"]
[Round "8.3"]
[White "Stevermueer, Ruediger"]
[Black "Pfeiffer, Stefan"]
[Result "1-0"]
[WhiteElo "1996"]
[BlackElo "2020"]
[PlyCount "73"]
[EventDate "2004.10.10"]
[EventType "team-tourn"]
[EventRounds "9"]
[EventCountry "GER"]
[SourceTitle "EXT 2006"]
[Source "ChessBase"]
[SourceDate "2005.11.24"]
[SourceVersion "1"]
[SourceVersionDate "2005.11.24"]
[SourceQuality "1"]
[WhiteTeam "Westbevern"]
[BlackTeam "Gerresheim II"]
[WhiteTeamCountry "GER"]
[BlackTeamCountry "GER"]

1. e4 e6 2. d4 d5 3. e5 c5 4. c3 Nc6 5. Nf3 Qb6 6. Bd3 Bd7 7. 0-0 cxd4 8. cxd4 Nb4 9. Be2 Bb5 10. Nc3 Bxe2 11. Qxe2 a6 12. Be3 Ne7 13. a3 Nbc6 14. b4 Nf5 15. Rac1 Be7 16. Qc2 Nxe3 17. fxe3 0-0 18. Na4 Qa7 19. Nc5 Rac8 20. Qf2 b6 21. Nd3 Qd7 22. Qg3 Na7 23. Nf4 Rxc1 24. Rxc1 g6 25. Nh5 Qd8 26. Nf6+ Bxf6 27. exf6 Qxf6 28. Ne5 Qe7 29. Nc6 Nxc6 30. Rxc6 Qd8 31. Qe1 Qb8 32. Qc3 Re8 33. Rc7 Kg7 34. Qc6 e5 35. Qd7 Rf8 36. dxe5 Kg8 37. e6 1-0

[Event "NRW Class1 0405"]
[Site "Germany"]
[Date "2004.12.12"]
[Round "4.5"]
[White "Stevermueer, Ruediger"]
[Black "Zajogin, Alexander"]
[Result "0-1"]
[WhiteElo "1996"]
[BlackElo "2391"]
[PlyCount "48"]
[EventDate "2004.10.10"]
[EventType "team-tourn"]
[EventRounds "9"]
[EventCountry "GER"]
[SourceTitle "EXT 2006"]
[Source "ChessBase"]
[SourceDate "2005.11.24"]
[SourceVersion "1"]
[SourceVersionDate "2005.11.24"]
[SourceQuality "1"]
[WhiteTeam "Westbevern"]
[BlackTeam "Betzdorf Kirchen"]
[WhiteTeamCountry "GER"]
[BlackTeamCountry "GER"]

1. e4 e5 2. f4 exf4 3. Nf3 Ne7 4. d4 Ng6 5. Bd3 Bb4+ 6. Bd2 Bxd2+ 7. Qxd2 d6 8. Nc3 c6 9. 0-0 0-0 10. Ne2 Qf6 11. Kh1 Bg4 12. c3 Nd7 13. Nfg1 Qg5 14. g3 f5 15. gxf4 Qh6 16. Qc2 fxe4 17. Bxe4 Nf6 18. Bf5 Nh4 19. Bd3 Nd5 20. Qd2 Rae8 21. Rae1 Ne3 22. Rf2 Be6 23. h3 Bd5+ 24. Kh2 Ng4+ 0-1

[Event "NRW Class1 0304"]
[Site "Germany"]
[Date "2003.11.09"]
[Round "3.6"]
[White "Krieg, Nikolaj"]
[Black "Stevermueer, Ruediger"]
[Result "1-0"]
[WhiteElo "2101"]
[BlackElo "1982"]
[PlyCount "87"]
[EventDate "2003.09.28"]
[EventType "team-tourn"]
[EventRounds "9"]
[EventCountry "GER"]
[SourceTitle "CBM 098 Extra"]
[Source "ChessBase"]
[SourceDate "2004.03.10"]
[SourceVersion "2"]
[SourceVersionDate "2004.03.10"]
[SourceQuality "1"]
[WhiteTeam "Solingen III"]
[BlackTeam "Westbevern"]
[WhiteTeamCountry "GER"]
[BlackTeamCountry "GER"]

1. e4 e5 2. Nf3 d5 3. Nxe5 Bd6 4. d4 dxe4 5. Nc3 Bxe5 6. dxe5 Qxd1+ 7. Kxd1 Nc6 8. Bb5 Bd7 9. e6 fxe6 10. Nxe4 0-0-0 11. Bd2 Nf6 12. Re1 Nxe4 13. Rxe4 e5 14. Kc1 Nd4 15. Bxd7+ Rxd7 16. b3 Nc6 17. Bc3 b5 18. a3 Rf8 19. f3 Rf4 20. Rxf4 exf4 21. Kb2 Re7 22. Rd1 g6 23. h4 Re2 24. Rd2 Re6 25. Bg7 Ne7 26. Bh6 Nf5 27. Bxf4 Nxh4 28. Bg5 Nf5 29. Rd8+ Kb7 30. g4 Nd6 31. Rd7 h6 32. Bxh6 Rf6 33. Rg7 Ne8 34. Re7 Nd6 35. Re3 Kc6 36. Bg7 Rf7 37. Bc3 Kd5 38. Kc1 a6 39. Kd2 Rf8 40. Re5+ Kc6 41. Ke3 Kd7 42. f4 Re8 43. Rxe8 Nxe8 44. Be5 1-0